| 000 | 00525nam a2200181 a 4500 | ||
|---|---|---|---|
| 005 | 20140412111244.0 | ||
| 008 | 010602s19uu xx 00 eng d | ||
| 020 | _a1-85830492-X | ||
| 050 |
_aER _bNo66 1999 |
||
| 100 | _aCampbell-Todd, Deborah | ||
| 245 |
_aNoah's ark / _cstories re-told by Deborah Campbell-Todd. |
||
| 260 |
_aLondon : _bGrandreams Limited, _c1999. |
||
| 300 | _a1v. (unp.) ; ill. | ||
| 440 | _aGood night sleep | ||
| 650 | _aBible stories, O.T. | ||
| 650 | _aBible Character, O.T. | ||
| 999 |
_c102865 _d102865 |
||